Cruzada en jeans

I tiakina i:
Ngā taipitopito rārangi puna kōrero
Kaituhi matua: Beckman, Thea (Author)
Hōputu: Pukapuka
Reo:Pāniora
I whakaputaina: Madrid SM 1992
Putanga:11a. ed
Rangatū:Gran Angular, 29
Ngā marau:
Ngā Tūtohu: Tāpirihia he Tūtohu
Kāore He Tūtohu, Me noho koe te mea tuatahi ki te tūtohu i tēnei pūkete!

MARC

LEADER 00000nam a2200000 a 4500
001 UCH4263
003 CL-VaPUC
008 090818e19920000SP |||||||||||||||||spa|d
020 |a 8434811391 
082 0 4 |a 832  |b BEC  |2 21 
100 0 |a Beckman, Thea  |e author  |9 539730 
245 1 0 |a Cruzada en jeans 
250 |a 11a. ed 
300 |a 239 p 
942 |c BK 
945 |d 20090818 00:00:00  |a ccalabra 
260 |a Madrid  |b SM  |c 1992 
650 0 |a Literatura alemana   |9 265457 
650 0 |a Escritores  |9 313723 
650 0 |a Novelas alemanas   |9 265783 
650 0 |a Ficción   |9 376687 
650 0 |a Narrativa  |9 336727 
650 0 |a Lectura  |9 307634 
651 0 |a Alemania  |9 255688 
583 |a last modification  |c 20090818 00:00:00  |k Rodrigo Vera 
490 0 |a Gran Angular, 29 
999 |c 335597  |d 335595